Tables for the purchasing of Estates ... and for the renewing of leases ... together with several useful and interesting tables connected with the subject. Also the five tables of compound interest (as originally published by Mr. Smart.) (Record no. 113598)

MARC details
000 -LEADER
fixed length control field 00691cam a22001815a 4500
001 - CONTROL NUMBER
control field L155486
008 - FIXED-LENGTH DATA ELEMENTS--GENERAL INFORMATION
fixed length control field 120326s1811 xxk f 000 0 eng d
035 ## - SYSTEM CONTROL NUMBER
System control number (Sirsi) u155486
041 0# - LANGUAGE CODE
Language code of text/sound track or separate title eng
100 1# - MAIN ENTRY--PERSONAL NAME
Personal name Inwood, William
Dates associated with a name 1771?-1843
245 00 - TITLE STATEMENT
Title Tables for the purchasing of Estates ... and for the renewing of leases ... together with several useful and interesting tables connected with the subject. Also the five tables of compound interest (as originally published by Mr. Smart.)
260 ## - PUBLICATION, DISTRIBUTION, ETC.
Place of publication, distribution, etc. London
Name of publisher, distributor, etc. J. Taylor
Date of publication, distribution, etc. 1811
300 ## - PHYSICAL DESCRIPTION
Extent 12o
583 ## - ACTION NOTE
Action Condition reviewed
Time/date of action 20120620
Status condition level 2
651 #4 - SUBJECT ADDED ENTRY--GEOGRAPHIC NAME
Geographic name Great Britain
Chronological subdivision 1707-
690 ## - LOCAL SUBJECT ADDED ENTRY--TOPICAL TERM (OCLC, RLIN)
Topical term or geographic name as entry element Valuation
9 (RLIN) 6273
942 ## - ADDED ENTRY ELEMENTS (KOHA)
Suppress in OPAC 0
Holdings
Withdrawn status Lost status Damaged status Not for loan Home library Current library Shelving location Date acquired Total Checkouts Full call number Barcode Date last seen Copy number Price effective from Koha item type
        Historic collection Historic collection Historic collection 26/03/2012   LANDOWNING & ESTATE MANAGEMENT OCTAVO 1811 INWOOD 30077530 06/08/2019 1 06/08/2019 Book